Countries of The World in Finnish - Statistics

General Stats
  • This quiz has been taken 612 times
  • The average score is 75 of 196
Answers on the Map
Answers color-coded by a green-red scale on the quiz's map according to % correct below.
 
Answer Stats
Valtio % Correct
Suomi
97%
Ruotsi
91%
Norja
90%
Venäjä
89%
Ranska
86%
Saksa
86%
Viro
86%
Italia
85%
Espanja
84%
Kiina
83%
Kanada
82%
Japani
81%
Islanti
80%
Latvia
80%
Australia
78%
Tanska
78%
Ukraina
78%
Portugali
76%
Puola
76%
Brasilia
75%
Liettua
75%
Turkki
75%
Valko-Venäjä
74%
Irlanti
73%
Meksiko
73%
Kreikka
72%
Intia
71%
Argentiina
70%
Etelä-Korea
69%
Yhdysvallat
69%
Pohjois-Korea
68%
Egypti
67%
Chile
66%
Niger
66%
Etelä-Afrikka
65%
Sveitsi
65%
Alankomaat
63%
Belgia
63%
Mongolia
61%
Romania
61%
Slovakia
61%
Itävalta
60%
Thaimaa
60%
Iran
59%
Kroatia
59%
Madagaskar
59%
Nigeria
59%
Tšekki
59%
Albania
57%
Irak
57%
Israel
56%
Uusi-Seelanti
56%
Marokko
55%
Kuuba
53%
Peru
53%
Saudi-Arabia
53%
Slovenia
53%
Kazakstan
52%
Somalia
52%
Unkari
52%
Serbia
51%
Bulgaria
50%
Moldova
49%
Indonesia
48%
Pakistan
48%
Algeria
47%
Sudan
47%
Venezuela
46%
Filippiinit
45%
Uruguay
44%
Vietnam
44%
Kolumbia
43%
Afganistan
41%
Etiopia
41%
Kosovo
41%
Libya
41%
Nepal
41%
Malta
40%
Bolivia
39%
Yhdistynyt kuningaskunta
39%
Oman
38%
Pohjois-Makedonia
38%
Kenia
37%
Jamaika
36%
Kypros
36%
Panama
36%
Paraguay
36%
Etelä-Sudan
35%
Taiwan
35%
Tunisia
35%
Montenegro
34%
Syyria
34%
Bangladesh
33%
Jemen
33%
Monaco
33%
Namibia
33%
Andorra
32%
Ecuador
32%
Angola
31%
Georgia
31%
Qatar
31%
San Marino
31%
Sri Lanka
31%
Luxemburg
30%
Mali
30%
Myanmar
30%
Bosnia ja Hertsegovina
29%
Papua-Uusi-Guinea
29%
Ghana
28%
Laos
28%
Norsunluurannikko
28%
Uzbekistan
28%
Armenia
27%
Haiti
27%
Tansania
27%
Costa Rica
26%
Guinea
26%
Kongon demokraattinen tasavalta
26%
Liechtenstein
26%
Jordania
25%
Malesia
25%
Nauru
25%
Tšad
25%
El Salvador
23%
Honduras
23%
Senegal
23%
Turkmenistan
23%
Vatikaanivaltio
23%
Bhutan
22%
Botswana
22%
Zimbabwe
22%
Guatemala
21%
Lesotho
21%
Mauritania
21%
Singapore
21%
Togo
21%
Uganda
21%
Bahama
20%
Libanon
20%
Liberia
20%
Malawi
19%
Nicaragua
19%
Suriname
19%
Tuvalu
19%
Bahrain
18%
Belize
18%
Benin
18%
Eritrea
18%
Gambia
18%
Guyana
18%
Malediivit
18%
Sambia
18%
Kuwait
17%
Mauritius
17%
Burkina Faso
16%
Kamerun
16%
Mosambik
16%
Dominikaaninen tasavalta
15%
Gabon
15%
Burundi
14%
Djibouti
14%
Keski-Afrikan tasavalta
14%
Kongon tasavalta
14%
Mikronesia
14%
Palau
14%
Tonga
14%
Azerbaidžan
13%
Brunei
13%
Guinea-Bissau
13%
Itä-Timor
13%
Kap Verde
13%
Kiribati
13%
Päiväntasaajan Guinea
13%
Ruanda
13%
Samoa
13%
Sierra Leone
13%
Vanuatu
13%
Dominica
12%
Kirgisia
12%
Fidži
11%
Kambodža
11%
Saint Lucia
11%
Seychellit
11%
Barbados
10%
Tadžikistan
10%
Yhdistyneet arabiemiirikunnat
10%
São Tomé ja Príncipe
9%
Trinidad ja Tobago
9%
Grenada
8%
Komorit
8%
Marshallinsaaret
8%
Salomonsaaret
8%
Swazimaa
8%
Saint Kitts ja Nevis
7%
Antigua ja Barbuda
6%
Saint Vincent ja Grenadiinit
6%
No matching quizzes found
Score Distribution
Percent of People with Each Score
Percentile by Number Answered
Your Score History
You have not taken this quiz